00313nam a2200109 a 4500008004100000050001600041100002500057245004800082260004400130300002000174350000900194120416s1973 ||||||||||||||||| || u aHF 5635 Ent aEnthoven, Adolf J. H10aAccountancy and economic development policy aAmsterdambNorth-Hollandc[1973 (1978)] axi, 380p. : ill a0.00